00299nam a2200109 a 4500008004100000050002200041245003700063246006000100260000900160300001100169350000900180120416s2005 xx |||||||||||||| || u aIBRD(08)PRWP/361310aScrutinizing Public expenditures aassessing the performance of Public accounts committees c2005 a: ill. a0.00